Politique Française en X / Y / Z - Statistiques

Statistiques générales
  • Ce quiz a été pris 113 fois
  • Le résultat moyen est 7 sur 10
Statistiques - réponses
Hint Lettre Réponse % Correct
Polémiste et homme politique d’extrême-droite ayant échoué à se qualifier au second tour de l’élection présidentielle de 2022 avec son parti Reconquête (7,07%) Z Eric Zemmour
100%
Hostilité de principe envers l’étranger, ce qui vient de l’étranger. X Xénophobie
95%
Département français créé en 1968 dont les macronistes Aurore Bergé et Yaël Braun-Pivet sont députées. Il jouxte le Val-d'Oise, les Hauts-de-Seine, l'Essonne, l'Eure-et-Loir et l'Eure. Y Yvelines (78)
87%
Conférence tenue en 1945 entre Churchill, Roosevelt et Staline visant notamment à définir l’avenir de la communauté mondiale et un horizon de paix. Il y a notamment été décidé l’attribution d’une zone d’occupation militaire française en Allemagne. Y (Conférence de) Yalta
84%
Politique sociale portée par l’Etat Français depuis 1981 visant à réduire les inégalités éducatives dues à des concentrations de difficultés sociales à des endroits donnés. A changé de nom pour REP en 2015. Z Zone d’éducation prioritaire (ZEP)
84%
Espace monétaire regroupant les Etats membres de l’Union Européenne ayant adopté l’euro comme monnaie. Z Zone euro
78%
Néologisme militant de gauche désignant une occupation de lieu, visant le plus souvent à s’opposer à des projets de constructions divers. Z Zone à Défendre (ZAD)
72%
Rappeur engagé politiquement à gauche, il est visé par une plainte pour menaces de crimes et injure publique en 2009 par la personne citée dans la question juste au dessus. Y Youssoupha
45%
Pouvoir politique dirigé par des puissances étrangères. X Xénocratie
21%
Mouvement politique de jeunesse franco-belge, écologiste et anticapitaliste. Dans la lignée des positions politiques de Greta Thunberg, le mouvement initie des grèves scolaires en 2019. Y Youth For Climate
16%
Aucun quiz correspondant
Distribution des résultats
% des personnes avec chaque résultat
Percentile par nombre de réponses
Votre historique - résultats
Vous n’avez pas pris ce quiz